书目信息 |
| 题名: |
路基路面试验检测技术
|
|
| 作者: | 徐培华 , 陈忠达 主编 | |
| 分册: | ||
| 出版信息: | 北京 人民交通出版社 2001.2 |
|
| 页数: | 277页 | |
| 开本: | 26cm | |
| 丛书名: | ||
| 单 册: | ||
| 中图分类: | U416.03-43 | |
| 科图分类: | ||
| 主题词: | 道路工程 | |
| 电子资源: | ||
| ISBN: | 7-114-03513-6 | |
| 000 | 00608nam0 2200193 45 | |
| 001 | 0010101612 | |
| 005 | 20001213160850.5 | |
| 010 | @a7-114-03513-6@dRMB 29.00 | |
| 100 | @a20001010d2001 km y0chiy0120 ea | |
| 101 | 0 | @achi |
| 200 | 1 | @a路基路面试验检测技术@ALu Ji Lu Mian Shi Yan Jian Ce Ji Shu@f徐培华,陈忠达主编@FXu Pei Hua,Chen Zhong Da Zhu Bian |
| 210 | @a北京@c人民交通出版社@d2001.2 | |
| 215 | @a277页@d26cm | |
| 606 | 0 | @a道路工程 |
| 690 | @aU416.03-43@v3 | |
| 701 | 0 | @a徐培华@4主编 |
| 701 | 0 | @a陈忠达@AChen Zhong Da@4主编 |
| 801 | @aCN@bPftUser@c20001010 | |
| 905 | @dU416.03-43@eX772@b312612-614@f3 | |
| 路基路面试验检测技术/徐培华,陈忠达主编.-北京:人民交通出版社,2001.2 |
| 277页;26cm |
| ISBN 7-114-03513-6:RMB 29.00 |
| ● |
| 相关链接 |
|
|
|
正题名:路基路面试验检测技术
索取号:U416.03-43/X772
 
预约/预借
| 序号 | 登录号 | 条形码 | 馆藏地/架位号 | 状态 | 备注 |
| 1 | 312612 | 203126125 | 期刊室512/501自科库 53排1列2层/ [索取号:U416.03-43/X772] | 在馆 | |
| 2 | 312613 | 203126134 | 期刊室512/501自科库 53排1列2层/ [索取号:U416.03-43/X772] | 在馆 | |
| 3 | 312614 | 203126143 | 自科库501/ [索取号:U416.03-43/X772] | 在馆 | |
| 4 | 357649 | 203576497 | 自科库501/501自科库 53排1列2层/ [索取号:U416.03-43/X772] | 在馆 | |
| 5 | 357650 | 203576503 | 自科库501/501自科库 53排1列2层/ [索取号:U416.03-43/X772] | 在馆 | |
| 6 | 357651 | 203576512 | 自科库501/501自科库 53排1列2层/ [索取号:U416.03-43/X772] | 在馆 |